| 000 | 00507nam a22001937a 4500 | ||
|---|---|---|---|
| 003 | CEME | ||
| 005 | 20210628204101.0 | ||
| 008 | 210111b xxu||||| |||| 00| 0 eng d | ||
| 020 | _a9788131758373 | ||
| 040 | _cceme | ||
| 082 | _a629.8 GHO | ||
| 100 |
_aGhosh, Smarajit _9732 |
||
| 245 | _aControl systems , theory and applications | ||
| 250 | _a2ND | ||
| 260 |
_aDELHI _bPEARSON EDUCATION _c2012 |
||
| 300 | _aXXIV, 1017P | ||
| 650 |
_aCONTROL SYSTEMS.CONTROL ENGINEERING. _968645 |
||
| 942 |
_cBK _2ddc |
||
| 999 |
_c576162 _d576162 |
||